000 00504nam a22001457a 4500
003 0
005 20221006142946.0
008 221006b xxu||||| |||| 00| 0 eng d
050 _aHF5415
_b.G39 2022
245 _aThe effectiveness of facebook group as a marketing tool for selected online sellers of Las Pinas City
_cLara Mae O. Gayeta
260 _aLas Pinas City
_bSouthville International School and Colleges
_cC2022
300 _avi,87pp.
_c28cm
_fTheses
500 _aMarketing tool.
942 _2lcc
_cTH
999 _c364836
_d364836